000
00298nam a22001337a 4500
008
170419b xxu||||| |||| 00| 0 eng d
020
_a
9781118820919
041
_a
eng
080
_2
7TH
_a
573
100
_a
11
101
_a
SHM
245
_a
CELL AND MOLECULAR BIOLOGY
_c
KARP, G
942
_2
udc
_c
BK
999
_c
11118
_d
11118